| 000 | 01172nam a2200301 4500 | ||
|---|---|---|---|
| 005 | 20240530110613.0 | ||
| 008 | 161116s2015 ua g b 000 0 ara d | ||
| 017 |
_a2014/20270 _bمصر . دار الكتب المصرية |
||
| 020 | _a9789774279348 | ||
| 040 | _aEG-CaGPL | ||
| 082 | 0 | 4 |
_221 _a181.06\ _bي ع |
| 100 | 0 | _aيحيى ذكري . | |
| 245 | 1 | 0 |
_aعلم الكلام اليهودي : _bسعيد بن يوسف الفيومي سعديا جاءون : نموذجا / _cيحيى ذكري ؛ تقديم مصطفى النشار . |
| 250 | _aط. 1 | ||
| 260 |
_aالقاهرة : _bالدار المصرية اللبنانية ، _c2015 . |
||
| 300 |
_a301 ص. ؛ _c24 سم . |
||
| 504 | _aببليوجرافية : ص 281 - 289 | ||
| 600 | 0 | _aسعديا جاءون | |
| 600 | 0 | _aسعيد بن يوسف الفيومي | |
| 600 | 0 | _aابن فاقودة | |
| 600 | 0 | _aابن ميمون | |
| 650 | 0 | 7 |
_2qarmak _aاليهودية |
| 650 | 0 | 7 |
_2qarmak _aاليهودية _xفلسفة |
| 650 | 0 | 7 |
_2qarmak _aاليهودية _xعلم |
| 700 | 0 |
_aمصطفى النشار _eمقدم |
|
| 942 |
_2ddc _cBK |
||
| 999 |
_c62901 _d62901 |
||